[Event "Tashkent"]
[Site "Tashkent"]
[Date "1987.??.??"]
[Round "?"]
[White "Nenashev, Alexander"]
[Black "Serper, Grigory"]
[Result "0-1"]
[WhiteElo "2415"]
[BlackElo "2450"]

1.d4 d5 2.c4 c6 3.Nc3 Nf6 4.e3 e6 5.Nf3 Nbd7 6.Qc2 Be7 7.Bd3 O-O 8.O-O b6
9.e4 dxe4 10.Nxe4 Bb7 11.Rd1 Nxe4 12.Bxe4 Nf6 13.Bd3 Qc7 14.c5 h6 15.Bd2 a5
16.Rac1 bxc5 17.dxc5 Nd5 18.Qa4 Rfd8 19.Bb1 Bf6 20.Qc2 Ba6 21.Re1 Nf4 22.Qe4 Nd3
23.Bc3 Bxc3 24.bxc3 Nxc1 25.Rxc1 g6 26.Ne5 Rd5 27.Ng4 Qe7 28.c4 Rxc5 29.Nxh6+ Kh7
30.Ng4 f5 31.Qd3 fxg4 32.Qxg6+ Kh8 33.Qh6+ Kg8 34.Re1 Bxc4 35.Re4 Qg5 36.Qxg5+ Rxg5
37.Rxc4 Rd8 38.Bc2 c5 39.Re4 e5 40.Rc4 Rc8 41.Bd1 Kf8 42.Kf1 Ke7 43.Bxg4 Rb8
44.Bf3 Kd6 45.Ra4 Rb4 46.Rxa5 e4 47.Bd1 Rd5 48.Ra6+ Kc7 49.Bb3 c4 50.Ra4 cxb3
51.Rxb4 bxa2 52.Ra4 Rd1+ 53.Ke2 a1=Q 54.Rxa1 Rxa1 55.Ke3 Ra2  0-1

[Event "Tashkent"]
[Site "Tashkent"]
[Date "1987.??.??"]
[Round "?"]
[White "Naumkin, Igor"]
[Black "Nenashev, Alexander"]
[Result "1/2-1/2"]
[WhiteElo "2470"]
[BlackElo "2415"]

1.d4 d5 2.c4 e6 3.Nc3 c6 4.e3 Nf6 5.Nf3 Nbd7 6.Qc2 Be7 7.e4 dxe4 8.Nxe4 e5
9.Nxf6+ Bxf6 10.Bd2 exd4 11.O-O-O O-O 12.Bd3 g6 13.h4 Nc5 14.h5 Nxd3+ 15.Qxd3 Bf5
16.Qa3 b5 17.hxg6 hxg6 18.Qc5 bxc4 19.Be3 c3 20.Bxd4 cxb2+ 21.Kxb2 Be6 22.Be5 Bd5
23.Qc3 Bxe5 24.Nxe5 Rb8+ 25.Ka1 Qf6 26.Rh2 Rfe8 27.f4 Kg7 28.g4 Rxe5 29.fxe5 Qf3
30.Qd2 Kg8 31.Qd4 c5 32.Qd2 Qg3 33.Re1 Bxa2 34.Re3 Qg1+ 35.Re1 Qg3 36.Re3 Qg1+
37.Re1 Qg3  1/2-1/2

[Event "URS Army-ch"]
[Site "Tashkent"]
[Date "1987.??.??"]
[Round "?"]
[White "Khalifman, Alexander"]
[Black "Ivanchuk, Vassily"]
[Result "1/2-1/2"]
[WhiteElo "2560"]
[BlackElo "2660"]

1.d4 d5 2.c4 e6 3.Nf3 Nf6 4.Nc3 c6 5.e3 Nbd7 6.Qc2 Bd6 7.Be2 O-O 8.O-O dxc4
9.Bxc4 b5 10.Be2 Bb7 11.Rd1 Qc7 12.h3  1/2-1/2

[Event "URS Army-ch"]
[Site "Tashkent"]
[Date "1987.??.??"]
[Round "?"]
[White "Khalifman, Alexander"]
[Black "Huzman, Alexander"]
[Result "1-0"]
[WhiteElo "2515"]
[BlackElo "2435"]

1.d4 Nf6 2.c4 e6 3.Nf3 d5 4.Nc3 c6 5.e3 Nbd7 6.Qc2 Bd6 7.Be2 O-O 8.O-O dxc4
9.Bxc4 e5 10.h3 Qe7 11.Bb3 b6 12.e4 exd4 13.Nxd4 Nc5 14.Bg5 Nxb3 15.axb3 Bd7
16.f4 Bc5 17.Rad1 Qd6 18.Qf2 Qc7 19.Bxf6 gxf6 20.Kh1 Rae8 21.Qh4 Be7 22.Rd3 Kh8
23.Qh5 Rd8 24.Rg3 Bc8 25.Rff3 Qd6 26.Nf5 Bxf5 27.exf5 Qd4 28.Rg4 Bc5 29.Qxh7+  1-0

[Event "Tbilisi"]
[Site "Tbilisi"]
[Date "1987.??.??"]
[Round "?"]
[White "Kallai, Gabor"]
[Black "Shabanov, Yuri"]
[Result "1/2-1/2"]
[WhiteElo "2420"]
[BlackElo "2410"]

1.d4 d5 2.c4 c6 3.e3 Nf6 4.Nc3 e6 5.Nf3 Nbd7 6.Be2 Bd6 7.b3 Ne4 8.Nxe4 dxe4
9.Nd2 f5 10.c5 Bc7 11.b4  1/2-1/2

[Event "Tbilisi"]
[Site "Tbilisi"]
[Date "1987.??.??"]
[Round "?"]
[White "Hoi, Carsten"]
[Black "Neverov, Valeriy"]
[Result "1/2-1/2"]
[WhiteElo "2355"]
[BlackElo "2440"]

1.d4 e6 2.c4 d5 3.Nc3 c6 4.e3 Nf6 5.Nf3 Nbd7 6.Bd3 dxc4 7.Bxc4 b5 8.Bb3 a6
9.e4 c5 10.e5 cxd4 11.Nxb5 Nxe5 12.Nxe5 axb5 13.O-O Qd5 14.Qe2 Rb8 15.Bg5 Rb6
16.Rac1 Bb7 17.f4 Bd6 18.Rc2 h6 19.Bh4 g5 20.fxg5 Qxe5 21.Qxe5 Bxe5 22.g6 fxg6
23.Bxf6 Bxf6 24.Rxf6 Ke7 25.Rxg6 Bd5 26.Rg4 Ra8 27.Rxd4 Rxa2 28.Rb4 Rb8 29.h3 Ra1+
30.Kh2 Rd1 31.Bc4 Kd6 32.g4 Rf8 33.Bxd5 Rxd5 34.Kg2 h5  1/2-1/2

[Event "Tel Aviv"]
[Site "Tel Aviv"]
[Date "1987.??.??"]
[Round "?"]
[White "Birnboim, Nathan"]
[Black "Alterman, Vladimir I"]
[Result "1/2-1/2"]
[WhiteElo "2465"]
[BlackElo "2350"]

1.d4 d5 2.c4 c6 3.Nf3 Nf6 4.Nc3 e6 5.e3 Nbd7 6.Bd3 dxc4 7.Bxc4 b5 8.Bd3 Bb7
9.O-O a6 10.e4 b4 11.Na4 c5 12.e5 Nd5 13.Re1 cxd4 14.Bg5 Qa5 15.Nd2 N5b6
16.Nxb6 Nxb6 17.Nb3 Qa4 18.Be4 Qd7 19.Bxb7 Qxb7 20.Qxd4 h6 21.Na5 Qb8 22.Qh4 Nd5
23.Rac1 Qa7 24.Nc6 Qb6 25.Re2 Bc5 26.Rec2 Qxc6 27.Rxc5 Qd7 28.Bd2 O-O 29.Bxb4 Qa4
30.R5c4 Nxb4 31.a3 Rad8 32.h3 Rd1+ 33.Kh2 Rxc1 34.Rxc1 Qb5 35.Qxb4 Qxe5+
36.f4 Qe2 37.Rc7 Qf2 38.Qd6 Qxb2 39.Qxa6 e5 40.Rc8 exf4 41.Rxf8+ Kxf8 42.Qd6+  1/2-1/2

[Event "Timisoara"]
[Site "Timisoara"]
[Date "1987.??.??"]
[Round "?"]
[White "Vera, Reynaldo"]
[Black "Tischbierek, Raj"]
[Result "1/2-1/2"]
[WhiteElo "2470"]
[BlackElo "2435"]

1.c4 Nf6 2.Nc3 e6 3.Nf3 d5 4.d4 c6 5.e3 Nbd7 6.Bd3 Bb4 7.O-O O-O 8.Bd2 Qe7
9.Qc2 dxc4 10.Bxc4 Bd6 11.Ne4 Nxe4 12.Qxe4 e5 13.dxe5 Nxe5 14.Nxe5 Qxe5 15.Qxe5 Bxe5  1/2-1/2

[Event "Trnava"]
[Site "Trnava"]
[Date "1987.??.??"]
[Round "?"]
[White "Danner, Georg"]
[Black "Smagin, Sergey"]
[Result "0-1"]
[WhiteElo "2405"]
[BlackElo "2505"]

1.d4 d5 2.Nf3 Nf6 3.c4 e6 4.Nc3 c6 5.e3 Nbd7 6.Bd3 Bd6 7.e4 dxe4 8.Nxe4 Nxe4
9.Bxe4 O-O 10.O-O h6 11.Qe2 Re8 12.Rd1 Qe7 13.Re1 c5 14.dxc5 Bxc5 15.Bd2 Nf6
16.Ne5 Bd4 17.Nd3 e5 18.Kh1 Be6 19.Rac1 Qd7 20.f3 Rad8 21.Bb4 Nxe4 22.fxe4 b5
23.c5 Bxa2 24.c6 Qc7 25.Qc2 Bc4 26.b3 Bxd3 27.Qxd3 Bf2 28.Qxb5 Bxe1 29.Bxe1 Re6
30.h3 Qb6 31.c7 Rc8 32.Qd7 Ree8 33.b4 Qd4 34.Qxe8+ Rxe8 35.c8=Q Rxc8 36.Rxc8+ Kh7
37.Bg3 Qxe4 38.Rc7 a6 39.Rxf7 Qxb4 40.Kh2 Kg6 41.Ra7 Qb5 42.Be1 e4 43.Re7 Qd3
44.Bg3 Kf6 45.Rc7 Qb5 46.Be1 g5 47.Rh7 Kg6 48.Re7 Qd5 49.Ra7 Qd6+ 50.Bg3 Qe6
51.Bf2 e3 52.Be1 e2 53.g4 Qe5+ 54.Kg2 Qe4+ 55.Kh2 Qf4+ 56.Kg2 Qf1+ 57.Kh2 Qxe1
58.Rxa6+ Kf7  0-1

[Event "US op"]
[Site "?"]
[Date "1987.??.??"]
[Round "7"]
[White "Strauss, David J"]
[Black "Bisguier, Arthur Bernard"]
[Result "1/2-1/2"]
[WhiteElo "2410"]
[BlackElo "2420"]

1.Nf3 d5 2.d4 Nf6 3.c4 e6 4.Nc3 c6 5.e3 Nbd7 6.Bd3 Bd6 7.e4 dxe4 8.Nxe4 Nxe4
9.Bxe4 O-O 10.O-O h6 11.Re1 e5 12.Bc2 exd4 13.Qxd4 Bc5 14.Qf4 Nf6 15.b3 Ng4
16.Rf1 Re8 17.Bb2 Re2 18.Rad1 Qe7 19.Nd4 Bd6 20.Nxe2 Bxf4 21.Nxf4 Be6 22.h3 Nf6
23.Nxe6 fxe6 24.Rde1 Qf7 25.Re3 Rd8 26.Bc3 c5  1/2-1/2

[Event "Warsaw zt-B"]
[Site "Warsaw"]
[Date "1987.??.??"]
[Round "?"]
[White "Ftacnik, Lubomir"]
[Black "Pinter, Jozsef"]
[Result "1-0"]
[WhiteElo "2540"]
[BlackElo "2570"]

1.d4 Nf6 2.c4 e6 3.Nf3 d5 4.Nc3 c6 5.e3 Nbd7 6.Bd3 dxc4 7.Bxc4 b5 8.Bd3 a6
9.e4 c5 10.e5 cxd4 11.Nxb5 Nxe5 12.Nxe5 axb5 13.Bxb5+ Bd7 14.Nxd7 Qa5+ 15.Bd2 Qxb5
16.Nxf8 Kxf8 17.a4 Qxb2 18.O-O Kg8 19.Bf4 h6 20.Be5 Rd8 21.Qd3 Ng4 22.Bc7 Rc8
23.Rac1 f5 24.Qb5 Qa2 25.h3 Nf6 26.Be5 Rf8 27.Rc7 Kh7 28.Bxd4 Rhg8 29.Ra1 Qd2
30.Qe5 Rc8 31.Re7 Rc4 32.Be3 Qc3 33.Qxc3 Rxc3 34.Rxe6 Nd5 35.a5 Ra8 36.a6 Nxe3
37.fxe3 Rac8 38.Rd6 Rxe3 39.a7 Ra8 40.Rd7 Re6 41.Rb7 Ree8 42.Rc1 Rg8 43.Kh2 Rgd8
44.Rcc7 Rg8 45.Rc5 Rgf8 46.Rc6 f4 47.Rcc7 Rg8 48.Rf7 Rad8 49.Rxf4 Rd5 50.Ra4 Rdd8
51.Rab4 Ra8 52.h4 Rh8 53.Rb3 Rhg8 54.Kh3 Rh8 55.g4 Rhg8 56.g5 hxg5 57.hxg5 Rh8
58.Kg3 Rhg8 59.g6+ Kh8 60.Rb8  1-0

[Event "Warsaw zt-B"]
[Site "Warsaw"]
[Date "1987.??.??"]
[Round "?"]
[White "Ftacnik, Lubomir"]
[Black "Pekarek, Ales"]
[Result "1/2-1/2"]
[WhiteElo "2540"]
[BlackElo "2480"]

1.d4 d5 2.c4 e6 3.Nc3 c6 4.Nf3 Nf6 5.e3 Nbd7 6.Bd3 Bd6 7.O-O O-O 8.e4 dxe4
9.Nxe4 Nxe4 10.Bxe4 h6 11.Bc2 e5 12.Qd3 f5 13.Qb3 Kh8 14.dxe5 Nxe5 15.Bf4 Nxf3+
16.Qxf3 Bxf4 17.Qxf4 Qf6 18.Rae1 Qxb2 19.Qd6 Be6 20.Rxe6 Qxc2 21.Rxh6+ gxh6
22.Qxh6+ Kg8 23.Qg6+  1/2-1/2

[Event "Warsaw zt-B"]
[Site "Warsaw"]
[Date "1987.??.??"]
[Round "?"]
[White "Suba, Mihai"]
[Black "Inkiov, Ventzislav"]
[Result "1/2-1/2"]
[WhiteElo "2560"]
[BlackElo "2475"]

1.c4 e6 2.Nc3 d5 3.d4 c6 4.Nf3 Nf6 5.e3 Nbd7 6.Bd3 dxc4 7.Bxc4 b5 8.Bd3 a6
9.e4 c5 10.d5 c4 11.dxe6 fxe6 12.Bc2 Qc7 13.O-O Bb7 14.Qe2 Bd6 15.Ng5 Nc5
16.f4 e5 17.a4 b4 18.Nd5 Nxd5 19.exd5 O-O-O 20.Qxc4 exf4 21.a5 h6 22.Nf3 Rhe8
23.Bg6 Re7 24.b3 Kb8 25.Bd2 Ne4 26.Qxc7+ Kxc7 27.Rac1+ Kb8 28.Be1 Bxd5 29.Bh4 Nf6
30.Rcd1 Bxf3 31.gxf3 Bc5+ 32.Kg2 Rxd1 33.Rxd1 Re2+ 34.Kh3 Re3 35.Bxf6 gxf6  1/2-1/2

[Event "Warsaw zt-B"]
[Site "Warsaw"]
[Date "1987.??.??"]
[Round "?"]
[White "Ftacnik, Lubomir"]
[Black "Inkiov, Ventzislav"]
[Result "1/2-1/2"]
[WhiteElo "2540"]
[BlackElo "2475"]

1.d4 Nf6 2.c4 e6 3.Nf3 d5 4.Nc3 c6 5.e3 Nbd7 6.Bd3 dxc4 7.Bxc4 b5 8.Bd3 a6
9.e4 c5 10.e5 cxd4 11.Nxb5 axb5 12.exf6 Qb6 13.fxg7 Bxg7 14.O-O Bb7 15.Bf4 O-O
16.Re1 Bd5 17.Ne5 Nxe5 18.Bxe5 Bxe5 19.Rxe5 f5 20.Qe2 Rf7 21.Bxb5 Rxa2 22.Rxa2 Bxa2
23.h4 Qd6  1/2-1/2

[Event "Warsaw zt-A"]
[Site "Warsaw"]
[Date "1987.??.??"]
[Round "?"]
[White "Georgiev, Kiril"]
[Black "Kuczynski, Robert"]
[Result "1-0"]
[WhiteElo "2590"]
[BlackElo "2450"]

1.d4 d5 2.c4 c6 3.Nc3 Nf6 4.e3 e6 5.Nf3 Nbd7 6.Bd3 dxc4 7.Bxc4 b5 8.Bd3 a6
9.e4 c5 10.e5 cxd4 11.Nxb5 Nxe5 12.Nxe5 axb5 13.O-O Qd5 14.Qe2 Ba6 15.Bg5 Be7
16.f4 O-O 17.Rf3 Bb7 18.Rg3 g6 19.h4 Rfe8 20.Re1 Nd7 21.Bxb5 d3 22.Qxd3 Nxe5
23.Rxe5 Qxd3 24.Rxd3 f6 25.Bxe8 Rxe8 26.Rd7 fxe5 27.Rxb7 Bc5+ 28.Kf1 exf4
29.Bxf4 e5 30.Bh6 e4 31.Ke2 Ra8 32.a4 e3 33.b4 Bd4 34.a5 Rc8 35.Kd3 Be5  1-0

[Event "Hoogovens-B"]
[Site "Wijk aan Zee"]
[Date "1987.??.??"]
[Round "?"]
[White "Farago, Ivan"]
[Black "Welling, Gerard"]
[Result "1-0"]
[WhiteElo "2535"]
[BlackElo "2360"]

1.d4 d5 2.c4 c6 3.Nc3 Nf6 4.e3 e6 5.Nf3 Nbd7 6.Bd3 Be7 7.O-O O-O 8.b3 b6
9.Bb2 Bb7 10.Qe2 c5 11.cxd5 exd5 12.Rfd1 Qc7 13.Rac1 Rad8 14.dxc5 bxc5 15.Na4 Ne4
16.Nd4 Bd6 17.f4 Be7 18.Nf5 Bf6 19.Bxe4 dxe4 20.Nxc5 Bxb2 21.Qxb2 Nf6 22.Rxd8 Rxd8
23.Nxg7 Qxc5 24.Rxc5 Rd1+ 25.Kf2  1-0

[Event "Zagreb Interzonal"]
[Site "Zagreb"]
[Date "1987.??.??"]
[Round "16"]
[White "Polugaevsky, Lev"]
[Black "Pinter, Jozsef"]
[Result "1-0"]
[WhiteElo "2595"]
[BlackElo "2575"]

1.d4 Nf6 2.c4 e6 3.Nf3 d5 4.Nc3 c6 5.e3 Nbd7 6.Qc2 Bd6 7.Be2 O-O 8.O-O dxc4
9.Bxc4 e5 10.Bb3 Qe7 11.Bd2 e4 12.Ng5 Bxh2+ 13.Kxh2 Ng4+ 14.Kg1 Qxg5 15.Qxe4 Ndf6
16.Qf4 Qxf4 17.exf4 Nh6 18.d5 Bd7 19.dxc6 Bxc6 20.Rad1 Nf5 21.Bc1 Rad8 22.Rxd8 Rxd8
23.f3 h5 24.Kf2 Kf8 25.Bc2 Nd4 26.Rd1 Ke7 27.Bb1 b6 28.f5 Nb5 29.Rxd8 Kxd8
30.Ne2 Nd6 31.Bg5 Ne8 32.Ke3 Kd7 33.Kd4 Nd5 34.a3 f6 35.Bd2 Nd6 36.Ng3 Ne7
37.Bf4 Nb5+ 38.Kc4 h4 39.Nh5 Nd5 40.Bd2 Nd6+ 41.Kd4 Ne8 42.Be1 h3 43.gxh3 Ne7
44.Be4 Bb5 45.h4 Nc6+ 46.Ke3 Bc4 47.Bc3 Bf7 48.Ng3 Ne7 49.Kf4 Nd6 50.Kg4 Ng8
51.Bd3 Nh6+ 52.Kf4 Ng8 53.Ne4 Ne7 54.Kg4 Nd5 55.Bd2 Ke7 56.Nc3 Nxc3 57.Bxc3 Bd5
58.Kf4 Kf7 59.Ke3 Ke7 60.Bc2 Kd7 61.Ba4+ Ke7 62.Kf4 Bc4 63.Bc6 Bd3 64.Bb4 Bc4
65.a4 Bb3 66.a5 Bc4 67.axb6 axb6 68.Ke3 Ba2 69.Kd4 Bb3 70.Kc3 Bg8 71.Kd4 Bb3
72.Kd3 Bc4+ 73.Ke3 Bb3 74.Kd4 Bc2 75.Be4 Bb3 76.Bd5 Bc2 77.Be6 Bd1 78.Ke3 Ba4
79.Kf4 Bc6 80.Kg4 Ba4 81.h5 Be8 82.Kh4 Bc6 83.h6 gxh6  1-0

[Event "Zenica"]
[Site "Zenica"]
[Date "1987.??.??"]
[Round "?"]
[White "Groszpeter, Attila"]
[Black "Flear, Glenn C"]
[Result "1/2-1/2"]
[WhiteElo "2530"]
[BlackElo "2495"]

1.d4 d5 2.c4 e6 3.Nc3 Nf6 4.Nf3 c6 5.e3 Nbd7 6.Bd3 Bd6 7.O-O O-O 8.e4 dxe4
9.Nxe4 Nxe4 10.Bxe4 c5 11.Be3 Qc7 12.Qe2 cxd4 13.Bxd4 f5 14.Bc2 e5 15.c5 Nxc5
16.Bxe5 Bxe5 17.Nxe5 Be6 18.Rac1 Qb6 19.Rfe1 Rac8  1/2-1/2

[Event "Zenica"]
[Site "Zenica"]
[Date "1987.??.??"]
[Round "?"]
[White "Terzic, Safet"]
[Black "Smagin, Sergey"]
[Result "0-1"]
[WhiteElo "2345"]
[BlackElo "2505"]

1.d4 Nf6 2.Nf3 e6 3.c4 d5 4.Nc3 c6 5.e3 Nbd7 6.Bd3 dxc4 7.Bxc4 b5 8.Be2 Bb7
9.O-O a6 10.e4 c5 11.e5 Nd5 12.Ne4 c4 13.Bg5 Qb6 14.a4 h6 15.Bd2 Rc8 16.axb5 axb5
17.Qb1 Be7 18.Rc1 O-O 19.Ng3 Ra8 20.Qc2 Rfc8 21.Nh5 Nf8 22.Bf1 Ng6 23.Rxa8 Rxa8
24.b3 cxb3 25.Qxb3 b4 26.Bd3 Ra3 27.Qb1 Nf8 28.Bc4 b3 29.Qb2 Ba6 30.Bxa6 Ra2
31.Qb1 Rxa6 32.Be1 Qb7 33.Ng3 b2 34.Rc2 Rb6 35.Ne4 Ne3 36.Nc5 Nxc2 37.Nxb7  0-1

[Event "Wch U20"]
[Site "Adelaide"]
[Date "1988.??.??"]
[Round "10"]
[White "Kosic, Dragan"]
[Black "Piket, Jeroen"]
[Result "0-1"]
[WhiteElo "2440"]
[BlackElo "2495"]

1.d4 Nf6 2.c4 c6 3.Nc3 d5 4.e3 e6 5.Nf3 Nbd7 6.Qc2 Bd6 7.Be2 O-O 8.O-O dxc4
9.Bxc4 b5 10.Be2 Bb7 11.e4 e5 12.Rd1 Qc7 13.h3 Rfe8 14.dxe5 Nxe5 15.Nd4 Ned7
16.Bf3 b4 17.Na4 Ne5 18.Be2 Ng6 19.Nc5 Bxc5 20.Qxc5 Nxe4 21.Qxb4 c5 22.Qc4 Qe7
23.Nb3 Nd6 24.Qxc5 Qxe2 25.Qxd6 Bxg2 26.Qd3 Bxh3 27.Qxe2 Rxe2 28.Bd2 Ne5
29.Nd4 Re4 30.Bc3 Rd8 31.Nf5 Nf3+ 32.Kh1 Rxd1+ 33.Rxd1 h5 34.Rd8+ Kh7 35.Nd4 Ng5
36.f3 Re7 37.Rd5 Kg6 38.Kh2 Bc8 39.Kg3 f6 40.Bd2 Nf7 41.Nc6 Re2 42.Nxa7 Be6
43.Rd4 Ne5 44.Bc3 Re3 45.Rf4 Bxa2 46.Bxe5 Rxe5 47.b4 Re2 48.Rd4 Kh6 49.Rd6 Rb2
50.b5 Bc4 51.b6 Ba6 52.f4 Rb3+ 53.Kh2 h4 54.f5 Rb2+  0-1

[Event "OHRA-B"]
[Site "Amsterdam"]
[Date "1988.??.??"]
[Round "?"]
[White "Vanheste, Jeroen"]
[Black "Ninov, Kiril"]
[Result "1-0"]
[WhiteElo "2390"]
[BlackElo "2515"]

1.d4 d5 2.c4 c6 3.Nc3 Nf6 4.e3 e6 5.Nf3 Nbd7 6.Bd3 dxc4 7.Bxc4 b5 8.Bd3 a6
9.e4 c5 10.e5 cxd4 11.Nxb5 axb5 12.exf6 Qb6 13.fxg7 Bxg7 14.Qe2 O-O 15.O-O Bb7
16.Bxb5 Bxf3 17.gxf3 Nc5 18.a4 Rfd8 19.Ra3 d3 20.Bxd3 Nxd3 21.Rxd3 Rxd3 22.Qxd3 Rxa4
23.Be3 Qb8 24.b3 Rh4 25.f4 Rh5 26.Rc1 Rd5 27.Qc4 Bf8 28.h3 Qd6 29.Kh2 Rd1
30.Rxd1 Qxd1 31.b4 Qa4 32.Bc5 Qc6 33.Qd4 Bxc5 34.bxc5 Kf8 35.Qd8+ Kg7 36.Qg5+ Kf8
37.Qd8+ Kg7 38.Qd4+ Kf8 39.Qd6+ Qxd6 40.cxd6 Ke8 41.Kg3 Kd7 42.Kg4 Kxd6 43.Kg5 Kd5
44.h4 Ke4 45.h5 Kf3 46.h6 f5 47.Kf6 Kxf4 48.Kg7 Kf3 49.Kxh7 Kxf2 50.Kg6 f4
51.h7 f3 52.h8=Q Kg2 53.Qa8 Kg3 54.Kg5 e5 55.Qe4 f2 56.Qg4+ Kh2 57.Qf3 Kg1
58.Qg3+ Kf1 59.Kg4 e4 60.Kf4 Ke2 61.Qe3+  1-0

[Event "OHRA-B"]
[Site "Amsterdam"]
[Date "1988.??.??"]
[Round "?"]
[White "Ftacnik, Lubomir"]
[Black "Karolyi, Tibor Jr"]
[Result "1-0"]
[WhiteElo "2590"]
[BlackElo "2450"]

1.c4 c6 2.d4 d5 3.Nc3 Nf6 4.e3 e6 5.Nf3 a6 6.Qc2 dxc4 7.Bxc4 c5 8.dxc5 Bxc5
9.O-O Nc6 10.a3 Qc7 11.Bd2 Bd7 12.Ne4 Be7 13.Bc3 Nxe4 14.Qxe4 Bf6 15.Bxf6 gxf6
16.Rac1 Rc8 17.Rc3 f5 18.Qh4 Qd8 19.Qh6 Na5 20.Ne5 Nxc4 21.Qg7 Rf8 22.Nxc4 Bc6
23.Rcc1 Ke7 24.Ne5 Bd5 25.Qxh7 Ke8 26.Qg7 Rc7 27.Rxc7 Qxc7 28.Ng6  1-0

[Event "EU-ch U20"]
[Site "Arnhem"]
[Date "1988.??.??"]
[Round "3"]
[White "Gelfand, Boris"]
[Black "Thorhallsson, Throstur"]
[Result "0-1"]
[WhiteElo "2585"]
[BlackElo "2410"]

1.d4 d5 2.c4 c6 3.Nf3 Nf6 4.Nc3 e6 5.e3 Nbd7 6.Bd3 dxc4 7.Bxc4 b5 8.Bd3 a6
9.e4 c5 10.e5 cxd4 11.Nxb5 axb5 12.exf6 Qb6 13.fxg7 Bxg7 14.O-O O-O 15.Re1 Bb7
16.Bf4 Bd5 17.Rc1 Rac8 18.Ng5 h6 19.Rxc8 Rxc8 20.Bh7+ Kf8 21.Ne4 Nf6 22.Nxf6 Bxf6
23.Qh5 Qa5 24.Rd1 Qxa2 25.Qxh6+ Ke7 26.Bg5 Bxg5 27.Qxg5+ Kd6 28.Qf4+ Ke7
29.Qxd4 Rc4 30.Qd2 Qa4 31.h3 Qa8 32.Qg5+ Kd6 33.b3 Rd4 34.Re1 Qh8 35.Bg8 f6
36.Qe3 Qxg8 37.g3 e5 38.Qh6 Ke6 39.Qh5 Kd6 40.Qh6 Ke6 41.Qc1 Qa8 42.Kh2 Qc6
43.Qb2 Rd3 44.Rc1 Qb6 45.g4 Qd4 46.Qc2 Bb7 47.b4 Qd5 48.Rg1 Qf3  0-1

[Event "NOR-ch"]
[Site "Asker"]
[Date "1988.??.??"]
[Round "6"]
[White "Agdestein, Espen"]
[Black "Elseth, Roar"]
[Result "1/2-1/2"]
[WhiteElo "2345"]
[BlackElo "2300"]

1.Nf3 d5 2.d4 c6 3.c4 e6 4.e3 Nf6 5.Nc3 Nbd7 6.Bd3 Be7 7.O-O O-O 8.Qe2 b6
9.e4 dxe4 10.Nxe4 Bb7 11.Rd1 Qc7 12.Nc3 Bd6 13.Bg5 Rfe8 14.Re1 Rad8 15.Rac1 Bf4
16.Rcd1 Bxg5 17.Nxg5 c5 18.Nge4 Nxe4 19.Bxe4 Bxe4 20.Nxe4  1/2-1/2

[Event "FRG-ch qual"]
[Site "Bad Neustadt"]
[Date "1988.??.??"]
[Round "10"]
[White "Klebel, Martin"]
[Black "Degen, Vladimir"]
[Result "1-0"]
[WhiteElo "2335"]
[BlackElo "2255"]

1.d4 d5 2.Nf3 Nf6 3.c4 e6 4.Nc3 c6 5.e3 Nbd7 6.Qc2 dxc4 7.Bxc4 c5 8.O-O b6
9.d5 exd5 10.Nxd5 Bd6 11.e4 Ne5 12.Nxe5 Bxe5 13.Bg5 Qd7 14.Rad1 Qb7 15.Kh1 Be6
16.f4 Bd4 17.Ba6 Qb8 18.Bb5+ Kf8 19.Nxf6 gxf6 20.Bh6+ Ke7 21.Bc6 Qc8 22.Bxa8 Qxa8
23.Rxd4 cxd4 24.Qc7+ Bd7 25.e5 Qc6 26.exf6+  1-0

[Event "Balatonbereny op"]
[Site "Balatonbereny"]
[Date "1988.??.??"]
[Round "7"]
[White "Mikhalchishin, Adrian"]
[Black "Reefschlaeger, Helmut"]
[Result "1/2-1/2"]
[WhiteElo "2490"]
[BlackElo "2335"]

1.d4 d5 2.c4 c6 3.Nc3 Nf6 4.e3 e6 5.Nf3 Nbd7 6.Bd3 dxc4 7.Bxc4 b5 8.Bd3 Bb7
9.e4 b4 10.Na4 c5 11.e5 Nd5 12.O-O h6 13.Re1 Rc8 14.dxc5 Nxc5 15.Bb5+ Bc6
16.Bxc6+ Rxc6 17.Nd4 Rc8  1/2-1/2

[Event "URS-ch otbor56"]
[Site "Barnaul"]
[Date "1988.??.??"]
[Round "?"]
[White "Shabalov, Alexander"]
[Black "Kishnev, Sergey"]
[Result "1-0"]
[WhiteElo "2430"]
[BlackElo "2375"]

1.Nf3 d5 2.d4 Nf6 3.c4 e6 4.Nc3 c6 5.e3 Nbd7 6.Bd3 dxc4 7.Bxc4 b5 8.Bd3 a6
9.e4 c5 10.e5 cxd4 11.Nxb5 axb5 12.exf6 Qb6 13.O-O Bb7 14.fxg7 Bxg7 15.Bf4 O-O
16.Re1 Bd5 17.h4 Kh8 18.Rc1 Ra7 19.Be4 Bxe4 20.Rxe4 Rxa2 21.Bc7 Qb7 22.Rxd4 Nb6
23.Qd3 h6 24.Qxb5 Bxd4 25.Nxd4 Qe4 26.Qxb6 Rg8 27.g3 Ra4 28.Rd1 Qd5 29.Qd6 Qxd6
30.Bxd6 Rd8 31.Nxe6  1-0

[Event "URS-ch otbor56"]
[Site "Barnaul"]
[Date "1988.??.??"]
[Round "?"]
[White "Savchenko, Stanislav"]
[Black "Moroz, Alexander"]
[Result "1/2-1/2"]
[WhiteElo "2480"]
[BlackElo "2285"]

1.d4 d5 2.c4 c6 3.Nf3 Nf6 4.Nc3 e6 5.e3 Nbd7 6.Bd3 dxc4 7.Bxc4 b5 8.Be2 Bb7
9.O-O a6 10.e4 c5 11.e5 Ne4 12.Nxe4 Bxe4 13.Ng5 Bd5 14.Bh5 g6 15.Bf3 Nb6
16.Ne4 Bxe4 17.Bxe4 Nd5 18.a4 c4 19.Qf3 b4 20.Bd2 Be7 21.Rac1 Rc8 22.Qe2 c3
23.bxc3 Nxc3 24.Bxc3 bxc3 25.Qxa6 O-O 26.Qd3  1/2-1/2

[Event "URS-ch otbor56"]
[Site "Barnaul"]
[Date "1988.??.??"]
[Round "?"]
[White "Shneider, Aleksandr"]
[Black "Meister, Yakov"]
[Result "0-1"]
[WhiteElo "2465"]
[BlackElo "2385"]

1.d4 Nf6 2.c4 c6 3.Nc3 d5 4.Nf3 e6 5.e3 Nbd7 6.Bd3 dxc4 7.Bxc4 b5 8.Bd3 Bb7
9.e4 b4 10.Na4 c5 11.e5 Nd5 12.O-O cxd4 13.Nxd4 Nxe5 14.Bb5+ Nd7 15.Nc6 Qc7
16.Qxd5 exd5 17.Re1+ Be7 18.Nxe7 Kf8 19.Bg5 f6 20.Bd2 Qa5 21.Bc6 Ne5 22.Bxb7 Kxe7
23.Bxa8 Rxa8 24.f4 Qxa4 25.fxe5 a5 26.a3 Qc2 27.exf6+ Kxf6 28.Re2 Kf7 29.axb4 a4
30.Rf2+ Kg8 31.Bc3 Qd3 32.Rf3 Qc2 33.Raf1 Qg6 34.Bd4 Qe4 35.Rf4 Qd3 36.b5 h5
37.b6 Rb8 38.h4 Rb7 39.Kh2 Kh7 40.R1f3 Qd1 41.Rg3 Qd2 42.Be5 Re7 43.Rf5 Qe2
44.Bc3 Qd1 45.Rf4 Rb7 46.Rd4 Qb3 47.Rb4 Qc2 48.Bd4 Qe4 49.Bc5 Qc2 50.Bg1 Qc6
51.Bd4 Re7 52.Bc3 Rb7 53.Bd4 g5 54.Bg1 g4 55.Rf4 Kg6 56.Rf8 Qd6 57.Rg8+ Rg7
58.Rxg7+ Kxg7 59.Bf2 d4 60.Kh1 Qxb6 61.Rd3 Qb5 62.Bxd4+ Kg6 63.Rd2 Kf5 64.Bf2 Qc4
65.Rd1 Qb3 66.Rd4 Ke5 67.g3 Qc2 68.Rf4 Qd2 69.Kg2 Qd1 70.Kh2 Kd5 71.Kg2 Ke5
72.Kh2 Qe2 73.Kg1 Kd5 74.Rd4+ Ke5 75.Rf4 Qd1+ 76.Kg2 Qd5+ 77.Kg1 Qb3 78.Kg2 Qc2
79.Kg1 Kd5 80.Rd4+ Ke5 81.Rf4 Qc1+ 82.Kg2 Qc6+ 83.Kg1 Qd5 84.Kh2 Qd3 85.Kg1 Kd5
86.Kg2 Qb3 87.Rd4+ Kc6 88.Rf4 Qa2 89.Kg1 Kd5 90.Rd4+ Ke5 91.Rf4 Qxb2 92.Rxa4 Qc1+
93.Kh2 Qf1 94.Rf4 Kd5 95.Rd4+ Kc6 96.Rd2 Kb5 97.Rc2 Ka4 98.Ra2+ Kb3 99.Rd2 Kc3
100.Ra2 Kd3 101.Ra3+ Kc4 102.Be3 Qe2+  0-1

[Event "URS-ch otbor56"]
[Site "Barnaul"]
[Date "1988.??.??"]
[Round "?"]
[White "Yurtaev, Leonid"]
[Black "Savchenko, Stanislav"]
[Result "1-0"]
[WhiteElo "2485"]
[BlackElo "2480"]

1.Nf3 d5 2.d4 c6 3.c4 Nf6 4.Nc3 e6 5.e3 Nbd7 6.Bd3 dxc4 7.Bxc4 b5 8.Bb3 b4
9.Ne2 Bd6 10.e4 Nxe4 11.Qc2 Nef6 12.Qxc6 Qc7 13.Qxa8 Nb6 14.Ba4+ Nxa4 15.Ne5 O-O
16.Qc6 Bxe5 17.Qxa4 Bd6 18.Bd2 Bd7 19.Qb3 Nd5 20.Rc1 Qb8 21.Ng3 Bb5 22.Ne4 Nf4
23.Bxf4 Bxf4 24.Rc5 Ba6 25.g3 Bh6 26.f3 Rd8 27.Kf2 Rxd4 28.Rd1 Qd8 29.Rxd4 Qxd4+
30.Kg2 g6 31.Rc6 Bb5 32.Rd6 Qe3 33.Rd8+ Kg7 34.Qxb4 Qe2+ 35.Kh3 g5 36.Qd4+  1-0

[Event "Beersheba"]
[Site "Beersheba"]
[Date "1988.??.??"]
[Round "?"]
[White "Greenfeld, Alon"]
[Black "Pinter, Jozsef"]
[Result "0-1"]
[WhiteElo "2510"]
[BlackElo "2570"]

1.d4 Nf6 2.c4 e6 3.Nf3 d5 4.Nc3 c6 5.e3 Nbd7 6.Bd3 dxc4 7.Bxc4 b5 8.Bd3 Bb7
9.O-O a6 10.e4 c5 11.d5 c4 12.dxe6 fxe6 13.Bc2 Qc7 14.e5 Nxe5 15.Nxe5 Qxe5
16.Re1 Qd6 17.Bg5 O-O-O 18.Qe2 Qc6 19.Qxe6+ Qxe6 20.Rxe6 Bc5 21.Ne4 Bxe4
22.Bxe4 Rd6 23.Rxd6 Bxd6 24.Bf3 Be5 25.Rb1 Rd8 26.a4 h6 27.Be3 Bd4 28.Bc1 Nd7
29.axb5 axb5 30.Ra1 Ne5 31.Be2 Kb7 32.Kf1 Nd3 33.Bxd3 cxd3  0-1

[Event "Beersheba"]
[Site "Beersheba"]
[Date "1988.??.??"]
[Round "?"]
[White "Lev, Ronen"]
[Black "Pinter, Jozsef"]
[Result "0-1"]
[WhiteElo "2390"]
[BlackElo "2570"]

1.d4 Nf6 2.c4 e6 3.Nf3 d5 4.Nc3 c6 5.e3 Nbd7 6.Bd3 dxc4 7.Bxc4 b5 8.Bd3 Bb7
9.e4 b4 10.Na4 c5 11.e5 Nd5 12.Nxc5 Nxc5 13.dxc5 Bxc5 14.O-O h6 15.Qe2 Qb6
16.Bd2 Ke7 17.h4 Rhd8 18.h5 Kf8 19.Rac1 a5 20.Rc2 Ne7 21.Bf4 Rac8 22.Bg3 Nf5
23.Kh2 b3 24.axb3 Bxf3 25.Qxf3 Nd4 26.Qe4 Nxc2 27.Bxc2 Qb4 28.Qf3 Kg8 29.Bd3 Be7
30.Ra1 Bg5 31.Ra4 Qd2 32.Bb1 Rc1 33.Qe4 Qd1  0-1

[Event "Beersheba"]
[Site "Beersheba"]
[Date "1988.??.??"]
[Round "?"]
[White "Rechlis, Gad"]
[Black "Lederman, Leon"]
[Result "1-0"]
[WhiteElo "2475"]
[BlackElo "2375"]

1.c4 c6 2.d4 d5 3.Nf3 Nf6 4.Nc3 e6 5.e3 Nbd7 6.Bd3 dxc4 7.Bxc4 b5 8.Bd3 a6
9.e4 c5 10.e5 cxd4 11.Nxb5 Nxe5 12.Nxe5 axb5 13.Bxb5+ Bd7 14.Nxd7 Qa5+ 15.Bd2 Qxb5
16.Nxf8 Kxf8 17.a4 Qxb2 18.O-O Ne4 19.Bf4 Nc3 20.Qf3 Ke7 21.Bc1 Ne2+ 22.Kh1 Nxc1
23.Raxc1 Ra7 24.Qh5 f5 25.Rc6 Kf6 26.Re1 Re7 27.g4 h6 28.Qxf5+  1-0